[Event "DEM U12w 2025"]
[Site "Willingen GER"]
[Date "2025.06.08"]
[Round "2"]
[White "Georgieva, Teodora"]
[Black "Tu, Tiffany"]
[Result "0-1"]
[Termination "normal"]
[Board "10"]
[WhiteElo "1124"]
[BlackElo "1709"]
[WhiteClock "01:37:10"]
[BlackClock "00:21:07"]
[PlyCount "86"]
[WhiteFideId "34679375"]
[BlackFideId "34628576"]
[EventCountry "GER"]
[EventRounds "9"]
[EventType "swiss"]
[EventDate "2025.06.07"]

1. e4 {[%clk 01:30:57]} {[%emt 00:00:02]} e5 {[%clk 01:30:53]} {[%emt
00:00:06]} 2. Nf3 {[%clk 01:31:23]} {[%emt 00:00:05]} Nc6 {[%clk 01:31:17]}
{[%emt 00:00:06]} 3. Bc4 {[%clk 01:31:37]} {[%emt 00:00:16]} Nf6 {[%clk
01:31:36]} {[%emt 00:00:11]} 4. Ng5 {[%clk 01:31:50]} {[%emt 00:00:17]} d5
{[%clk 01:31:56]} {[%emt 00:00:11]} 5. exd5 {[%clk 01:32:13]} {[%emt 00:00:07]}
Na5 {[%clk 01:32:18]} {[%emt 00:00:07]} 6. Bb5+ {[%clk 01:32:37]} {[%emt
00:00:06]} c6 {[%clk 01:32:40]} {[%emt 00:00:08]} 7. dxc6 {[%clk 01:33:00]}
{[%emt 00:00:07]} bxc6 {[%clk 01:33:06]} {[%emt 00:00:05]} 8. Qf3 {[%clk
01:33:09]} {[%emt 00:00:20]} Be7 {[%clk 01:32:49]} {[%emt 00:00:46]} 9. Bxc6+
{[%clk 01:32:00]} {[%emt 00:01:40]} Nxc6 {[%clk 01:33:11]} {[%emt 00:00:08]}
10. Qxc6+ {[%clk 01:32:24]} {[%emt 00:00:06]} Bd7 {[%clk 01:33:33]} {[%emt
00:00:09]} 11. Qf3 {[%clk 01:32:34]} {[%emt 00:00:20]} h6 {[%clk 01:32:58]}
{[%emt 00:01:04]} 12. Ne4 {[%clk 01:32:50]} {[%emt 00:00:14]} Nxe4 {[%clk
01:18:23]} {[%emt 00:15:05]} 13. Qxe4 {[%clk 01:33:10]} {[%emt 00:00:10]} O-O
{[%clk 01:05:38]} {[%emt 00:13:15]} 14. O-O {[%clk 01:32:40]} {[%emt 00:01:00]}
Bd6 {[%clk 00:53:24]} {[%emt 00:12:44]} 15. Nc3 {[%clk 01:31:43]} {[%emt
00:01:26]} Rc8 {[%clk 00:51:00]} {[%emt 00:02:55]} 16. d4 {[%clk 01:29:38]}
{[%emt 00:02:36]} exd4 {[%clk 00:49:58]} {[%emt 00:01:31]} 17. Qxd4 {[%clk
01:29:56]} {[%emt 00:00:12]} Bc6 {[%clk 00:48:21]} {[%emt 00:02:05]} 18. Rd1
{[%clk 01:27:28]} {[%emt 00:03:00]} Re8 {[%clk 00:45:37]} {[%emt 00:03:12]} 19.
Be3 {[%clk 01:26:13]} {[%emt 00:01:47]} Bb8 {[%clk 00:36:45]} {[%emt 00:09:21]}
20. Qxd8 {[%clk 01:26:09]} {[%emt 00:00:35]} Rcxd8 {[%clk 00:36:29]} {[%emt
00:00:46]} 21. Ne2 {[%clk 01:23:59]} {[%emt 00:02:40]} Be4 {[%clk 00:32:20]}
{[%emt 00:04:33]} 22. c4 {[%clk 01:22:22]} {[%emt 00:02:12]} Bd3 {[%clk
00:28:37]} {[%emt 00:04:14]} 23. Nd4 {[%clk 01:21:04]} {[%emt 00:01:48]} Bxc4
{[%clk 00:26:50]} {[%emt 00:02:17]} 24. b3 {[%clk 01:21:19]} {[%emt 00:00:15]}
Bd5 {[%clk 00:26:33]} {[%emt 00:00:46]} 25. Rac1 {[%clk 01:21:20]} {[%emt
00:00:31]} a6 {[%clk 00:25:43]} {[%emt 00:01:20]} 26. Re1 {[%clk 01:15:29]}
{[%emt 00:06:20]} Rc8 {[%clk 00:19:09]} {[%emt 00:07:04]} 27. g3 {[%clk
01:11:51]} {[%emt 00:04:08]} Bd6 {[%clk 00:13:41]} {[%emt 00:05:52]} 28. Kf1
{[%clk 01:10:43]} {[%emt 00:01:44]} Ba3 {[%clk 00:07:53]} {[%emt 00:06:19]} 29.
Rxc8 {[%clk 01:10:35]} {[%emt 00:00:37]} Rxc8 {[%clk 00:08:21]} {[%emt
00:00:03]} 30. Ke2 {[%clk 01:10:26]} {[%emt 00:00:38]} Be4 {[%clk 00:06:11]}
{[%emt 00:02:39]} 31. Nf3 {[%clk 01:09:06]} {[%emt 00:01:50]} Rc2+ {[%clk
00:04:56]} {[%emt 00:01:46]} 32. Nd2 {[%clk 01:08:06]} {[%emt 00:01:31]} Rxa2
{[%clk 00:03:37]} {[%emt 00:01:47]} 33. f3 {[%clk 01:08:02]} {[%emt 00:00:35]}
Bg6 {[%clk 00:03:51]} {[%emt 00:00:16]} 34. Rd1 {[%clk 01:07:45]} {[%emt
00:00:47]} Bc2 {[%clk 00:03:22]} {[%emt 00:00:55]} 35. Re1 {[%clk 01:07:37]}
{[%emt 00:00:42]} Bxb3 {[%clk 00:03:26]} {[%emt 00:00:25]} 36. Rb1 {[%clk
01:07:37]} {[%emt 00:00:32]} Bc4+ {[%clk 00:03:47]} {[%emt 00:00:08]} 37. Ke1
{[%clk 01:07:54]} {[%emt 00:00:13]} Bb5 {[%clk 00:03:37]} {[%emt 00:00:40]} 38.
Bd4 {[%clk 01:07:08]} {[%emt 00:01:16]} Rc2 {[%clk 00:02:13]} {[%emt 00:01:54]}
39. Kd1 {[%clk 01:07:12]} {[%emt 00:00:26]} Rc8 {[%clk 00:01:33]} {[%emt
00:01:10]} 40. Ra1 {[%clk 01:07:28]} {[%emt 00:00:15]} Bb4 {[%clk 00:00:53]}
{[%emt 00:01:09]} 41. Rb1 {[%clk 01:07:27]} {[%emt 00:00:32]} a5 {[%clk
00:25:08]} {[%emt 00:06:13]} 42. Bb6 {[%clk 01:37:31]} {[%emt 00:00:27]} Rc6
{[%clk 00:20:49]} {[%emt 00:04:49]} 43. Bxa5 {[%clk 01:37:10]} {[%emt
00:00:51]} Ba4+ {[%clk 00:21:07]} {[%emt 00:00:10]} 0-1

[Event "DEM U12w 2025"]
[Site "Willingen GER"]
[Date "2025.06.08"]
[Round "2"]
[White "Alnajjar, Sara"]
[Black "Guruprasad, Aditi"]
[Result "1-0"]
[Termination "normal"]
[Board "11"]
[WhiteElo "1565"]
[BlackElo "1495"]
[WhiteClock "01:11:57"]
[BlackClock "00:29:08"]
[PlyCount "103"]
[WhiteFideId "34668659"]
[BlackFideId "533043280"]
[EventCountry "GER"]
[EventRounds "9"]
[EventType "swiss"]
[EventDate "2025.06.07"]

1. e4 {[%clk 01:30:57]} {[%emt 00:00:02]} c6 {[%clk 01:30:58]} {[%emt
00:00:03]} 2. d4 {[%clk 01:31:18]} {[%emt 00:00:09]} d5 {[%clk 01:31:24]}
{[%emt 00:00:04]} 3. exd5 {[%clk 01:31:38]} {[%emt 00:00:09]} cxd5 {[%clk
01:31:48]} {[%emt 00:00:07]} 4. c4 {[%clk 01:32:00]} {[%emt 00:00:08]} Nf6
{[%clk 01:31:27]} {[%emt 00:00:51]} 5. Nc3 {[%clk 01:32:22]} {[%emt 00:00:08]}
e6 {[%clk 01:30:39]} {[%emt 00:01:18]} 6. Bd3 {[%clk 01:32:19]} {[%emt
00:00:33]} Nc6 {[%clk 01:29:20]} {[%emt 00:01:49]} 7. Nf3 {[%clk 01:31:58]}
{[%emt 00:00:51]} Be7 {[%clk 01:26:23]} {[%emt 00:03:26]} 8. O-O {[%clk
01:32:03]} {[%emt 00:00:25]} O-O {[%clk 01:23:24]} {[%emt 00:03:30]} 9. Bf4
{[%clk 01:30:27]} {[%emt 00:02:05]} dxc4 {[%clk 01:17:21]} {[%emt 00:06:34]}
10. Bxc4 {[%clk 01:30:42]} {[%emt 00:00:16]} Nd5 {[%clk 01:14:59]} {[%emt
00:02:51]} 11. Nxd5 {[%clk 01:29:55]} {[%emt 00:01:16]} exd5 {[%clk 01:15:19]}
{[%emt 00:00:11]} 12. Bd3 {[%clk 01:28:10]} {[%emt 00:02:14]} Bg4 {[%clk
01:12:10]} {[%emt 00:03:39]} 13. Be2 {[%clk 01:27:15]} {[%emt 00:01:25]} Bf6
{[%clk 01:11:28]} {[%emt 00:01:14]} 14. Be3 {[%clk 01:26:41]} {[%emt 00:01:03]}
Qb6 {[%clk 01:07:42]} {[%emt 00:04:16]} 15. Qd2 {[%clk 01:22:39]} {[%emt
00:04:31]} Rac8 {[%clk 01:02:30]} {[%emt 00:05:42]} 16. Rfd1 {[%clk 01:20:26]}
{[%emt 00:02:43]} Nb4 {[%clk 00:59:11]} {[%emt 00:03:50]} 17. Ne1 {[%clk
01:16:02]} {[%emt 00:04:53]} Be6 {[%clk 00:56:17]} {[%emt 00:03:23]} 18. a3
{[%clk 01:14:16]} {[%emt 00:02:17]} Nc6 {[%clk 00:55:34]} {[%emt 00:01:13]} 19.
Nf3 {[%clk 01:11:47]} {[%emt 00:02:58]} Ne7 {[%clk 00:54:55]} {[%emt 00:01:10]}
20. Ne5 {[%clk 01:04:51]} {[%emt 00:07:27]} Rfd8 {[%clk 00:45:07]} {[%emt
00:10:18]} 21. Ng4 {[%clk 01:02:47]} {[%emt 00:02:34]} Bf5 {[%clk 00:40:51]}
{[%emt 00:04:46]} 22. Nxf6+ {[%clk 01:02:50]} {[%emt 00:00:27]} Qxf6 {[%clk
00:40:24]} {[%emt 00:00:57]} 23. Rac1 {[%clk 00:58:16]} {[%emt 00:05:02]} Qg6
{[%clk 00:35:39]} {[%emt 00:05:16]} 24. Bd3 {[%clk 00:54:49]} {[%emt 00:03:57]}
Rxc1 {[%clk 00:34:37]} {[%emt 00:01:33]} 25. Rxc1 {[%clk 00:53:47]} {[%emt
00:01:32]} Bxd3 {[%clk 00:34:54]} {[%emt 00:00:12]} 26. Qb4 {[%clk 00:53:30]}
{[%emt 00:00:46]} Be4 {[%clk 00:31:14]} {[%emt 00:04:12]} 27. g3 {[%clk
00:52:35]} {[%emt 00:01:24]} Kf8 {[%clk 00:29:54]} {[%emt 00:01:50]} 28. Rc7
{[%clk 00:50:23]} {[%emt 00:02:42]} Qd6 {[%clk 00:28:51]} {[%emt 00:01:32]} 29.
Qxb7 {[%clk 00:50:36]} {[%emt 00:00:19]} Qf6 {[%clk 00:24:45]} {[%emt
00:04:36]} 30. f4 {[%clk 00:50:15]} {[%emt 00:00:50]} Nf5 {[%clk 00:20:28]}
{[%emt 00:04:48]} 31. Bd2 {[%clk 00:49:43]} {[%emt 00:01:01]} Qxd4+ {[%clk
00:20:37]} {[%emt 00:00:22]} 32. Kf1 {[%clk 00:49:43]} {[%emt 00:00:29]} Nd6
{[%clk 00:19:43]} {[%emt 00:01:25]} 33. Bb4 {[%clk 00:48:09]} {[%emt 00:02:03]}
Bd3+ {[%clk 00:18:58]} {[%emt 00:01:14]} 34. Kg2 {[%clk 00:47:06]} {[%emt
00:01:34]} Qe4+ {[%clk 00:16:23]} {[%emt 00:03:05]} 35. Kh3 {[%clk 00:47:06]}
{[%emt 00:00:30]} Bf1+ {[%clk 00:16:25]} {[%emt 00:00:29]} 36. Kh4 {[%clk
00:47:02]} {[%emt 00:00:31]} g5+ {[%clk 00:10:08]} {[%emt 00:06:49]} 37. Kg4
{[%clk 00:42:40]} {[%emt 00:04:52]} Be2+ {[%clk 00:09:15]} {[%emt 00:01:24]}
38. Kh3 {[%clk 00:41:52]} {[%emt 00:01:17]} g4+ {[%clk 00:08:32]} {[%emt
00:01:11]} 39. Kh4 {[%clk 00:41:32]} {[%emt 00:00:52]} Qg6 {[%clk 00:07:19]}
{[%emt 00:01:43]} 40. Bxd6+ {[%clk 00:40:42]} {[%emt 00:01:20]} Rxd6 {[%clk
00:07:34]} {[%emt 00:00:16]} 41. Qb8+ {[%clk 00:40:25]} {[%emt 00:00:47]} Kg7
{[%clk 00:07:11]} {[%emt 00:00:53]} 42. Rxf7+ {[%clk 00:40:15]} {[%emt
00:00:40]} Qxf7 {[%clk 00:29:18]} {[%emt 00:08:22]} 43. Qxd6 {[%clk 01:10:32]}
{[%emt 00:00:13]} Qf6+ {[%clk 00:29:39]} {[%emt 00:00:10]} 44. Qxf6+ {[%clk
01:10:51]} {[%emt 00:00:10]} Kxf6 {[%clk 00:30:03]} {[%emt 00:00:07]} 45. h3
{[%clk 01:11:09]} {[%emt 00:00:12]} Kf5 {[%clk 00:28:14]} {[%emt 00:02:19]} 46.
hxg4+ {[%clk 01:10:03]} {[%emt 00:01:36]} Bxg4 {[%clk 00:28:32]} {[%emt
00:00:11]} 47. b4 {[%clk 01:10:28]} {[%emt 00:00:06]} d4 {[%clk 00:28:55]}
{[%emt 00:00:07]} 48. b5 {[%clk 01:10:53]} {[%emt 00:00:05]} d3 {[%clk
00:29:20]} {[%emt 00:00:05]} 49. b6 {[%clk 01:11:18]} {[%emt 00:00:05]} d2
{[%clk 00:28:41]} {[%emt 00:01:08]} 50. bxa7 {[%clk 01:11:42]} {[%emt
00:00:06]} d1=Q {[%clk 00:29:04]} {[%emt 00:00:07]} 51. a8=Q {[%clk 01:11:57]}
{[%emt 00:00:16]} Qh1+ {[%clk 00:29:08]} {[%emt 00:00:05]} 52. Qxh1 {[%emt
00:00:25]} 1-0

[Event "DEM U12w 2025"]
[Site "Willingen GER"]
[Date "2025.06.08"]
[Round "2"]
[White "Szymil, Alicja"]
[Black "Ebel, Io Cornelia"]
[Result "1-0"]
[Termination "normal"]
[Board "12"]
[WhiteElo "1476"]
[BlackElo "982"]
[WhiteClock "01:10:42"]
[BlackClock "00:34:21"]
[PlyCount "59"]
[WhiteFideId "34654240"]
[BlackFideId "533043469"]
[EventCountry "GER"]
[EventRounds "9"]
[EventType "swiss"]
[EventDate "2025.06.07"]

1. e4 {[%clk 01:30:59]} e6 {[%clk 01:30:53]} {[%emt 00:00:07]} 2. d4 {[%clk
01:31:24]} {[%emt 00:00:05]} d5 {[%clk 01:31:10]} {[%emt 00:00:13]} 3. e5
{[%clk 01:31:10]} {[%emt 00:00:44]} Nc6 {[%clk 01:29:25]} {[%emt 00:02:16]} 4.
Nf3 {[%clk 01:31:27]} {[%emt 00:00:12]} Nge7 {[%clk 01:28:09]} {[%emt
00:01:45]} 5. Bg5 {[%clk 01:31:11]} {[%emt 00:00:46]} h6 {[%clk 01:27:22]}
{[%emt 00:01:18]} 6. Bh4 {[%clk 01:30:14]} {[%emt 00:01:26]} g5 {[%clk
01:26:34]} {[%emt 00:01:18]} 7. Bg3 {[%clk 01:30:37]} {[%emt 00:00:08]} Nf5
{[%clk 01:25:16]} {[%emt 00:01:48]} 8. Nc3 {[%clk 01:29:53]} {[%emt 00:01:12]}
Nxg3 {[%clk 01:23:04]} {[%emt 00:02:43]} 9. hxg3 {[%clk 01:29:16]} {[%emt
00:01:07]} Bb4 {[%clk 01:21:41]} {[%emt 00:01:52]} 10. a3 {[%clk 01:28:49]}
{[%emt 00:00:59]} Ba5 {[%clk 01:20:17]} {[%emt 00:01:53]} 11. Be2 {[%clk
01:27:09]} {[%emt 00:02:10]} Bd7 {[%clk 01:18:49]} {[%emt 00:01:59]} 12. Qd2
{[%clk 01:25:04]} {[%emt 00:02:33]} f6 {[%clk 01:17:05]} {[%emt 00:02:16]} 13.
Qd3 {[%clk 01:19:03]} {[%emt 00:06:30]} Ne7 {[%clk 01:14:46]} {[%emt 00:02:49]}
14. exf6 {[%clk 01:18:47]} {[%emt 00:00:47]} Nf5 {[%clk 01:11:14]} {[%emt
00:04:01]} 15. g4 {[%clk 01:17:48]} {[%emt 00:01:30]} Qxf6 {[%clk 01:04:07]}
{[%emt 00:07:37]} 16. gxf5 {[%clk 01:17:33]} {[%emt 00:00:44]} exf5 {[%clk
01:03:57]} {[%emt 00:00:41]} 17. O-O-O {[%clk 01:16:59]} {[%emt 00:01:04]} Qe6
{[%clk 01:02:15]} {[%emt 00:02:12]} 18. Rde1 {[%clk 01:16:36]} {[%emt
00:00:51]} O-O-O {[%clk 01:01:14]} {[%emt 00:01:32]} 19. Ne5 {[%clk 01:14:46]}
{[%emt 00:02:20]} Bc6 {[%clk 00:57:03]} {[%emt 00:04:42]} 20. Bh5 {[%clk
01:14:01]} {[%emt 00:01:15]} Qd6 {[%clk 00:44:30]} {[%emt 00:13:03]} 21. Nf7
{[%clk 01:13:40]} {[%emt 00:00:49]} Qf4+ {[%clk 00:44:01]} {[%emt 00:01:01]}
22. Kb1 {[%clk 01:13:17]} {[%emt 00:00:52]} Qxf2 {[%clk 00:40:57]} {[%emt
00:03:34]} 23. Nxd8 {[%clk 01:13:02]} {[%emt 00:00:45]} Rxd8 {[%clk 00:40:50]}
{[%emt 00:00:37]} 24. Bf3 {[%clk 01:12:44]} {[%emt 00:00:46]} g4 {[%clk
00:40:22]} {[%emt 00:01:00]} 25. Qxf5+ {[%clk 01:12:23]} {[%emt 00:00:50]} Bd7
{[%clk 00:40:27]} {[%emt 00:00:27]} 26. Qxd5 {[%clk 01:11:57]} {[%emt
00:00:54]} gxf3 {[%clk 00:40:16]} {[%emt 00:00:41]} 27. Qxa5 {[%clk 01:11:26]}
{[%emt 00:01:03]} fxg2 {[%clk 00:39:09]} {[%emt 00:01:37]} 28. Nd5 {[%clk
01:10:13]} {[%emt 00:01:42]} b6 {[%clk 00:38:49]} {[%emt 00:00:51]} 29. Qxa7
{[%clk 01:10:25]} {[%emt 00:00:18]} Bc6 {[%clk 00:34:21]} {[%emt 00:04:58]} 30.
Qxc7# {[%clk 01:10:42]} {[%emt 00:00:10]} 1-0

[Event "DEM U12w 2025"]
[Site "Willingen GER"]
[Date "2025.06.08"]
[Round "2"]
[White "Kübart, Ela Marie"]
[Black "Preißler, Enie"]
[Result "1-0"]
[Termination "normal"]
[Board "13"]
[WhiteElo "1620"]
[BlackElo "1113"]
[WhiteClock "00:49:44"]
[BlackClock "00:35:07"]
[PlyCount "59"]
[WhiteFideId "34633723"]
[BlackFideId "533039151"]
[EventCountry "GER"]
[EventRounds "9"]
[EventType "swiss"]
[EventDate "2025.06.07"]

1. d4 {[%clk 01:30:57]} {[%emt 00:00:02]} d5 {[%clk 01:30:54]} {[%emt
00:00:07]} 2. Nf3 {[%clk 01:31:21]} {[%emt 00:00:05]} Bf5 {[%clk 01:30:56]}
{[%emt 00:00:28]} 3. e3 {[%clk 01:31:45]} {[%emt 00:00:06]} e6 {[%clk
01:31:13]} {[%emt 00:00:13]} 4. Bd3 {[%clk 01:32:09]} {[%emt 00:00:05]} Bg6
{[%clk 01:31:02]} {[%emt 00:00:42]} 5. O-O {[%clk 01:32:18]} {[%emt 00:00:20]}
Bd6 {[%clk 01:30:16]} {[%emt 00:01:17]} 6. c3 {[%clk 01:32:31]} {[%emt
00:00:17]} Nf6 {[%clk 01:30:05]} {[%emt 00:00:40]} 7. Qc2 {[%clk 01:32:17]}
{[%emt 00:00:43]} Nbd7 {[%clk 01:29:02]} {[%emt 00:01:35]} 8. Nbd2 {[%clk
01:31:41]} {[%emt 00:01:06]} Qe7 {[%clk 01:25:45]} {[%emt 00:03:46]} 9. e4
{[%clk 01:24:48]} {[%emt 00:07:24]} dxe4 {[%clk 01:20:52]} {[%emt 00:05:21]}
10. Nxe4 {[%clk 01:22:35]} {[%emt 00:02:44]} O-O-O {[%clk 01:19:28]} {[%emt
00:01:54]} 11. Bg5 {[%clk 01:18:03]} {[%emt 00:05:02]} h6 {[%clk 01:15:11]}
{[%emt 00:04:48]} 12. Bxf6 {[%clk 01:15:34]} {[%emt 00:02:58]} Nxf6 {[%clk
01:15:23]} {[%emt 00:00:20]} 13. Nxd6+ {[%clk 01:15:45]} {[%emt 00:00:17]} Qxd6
{[%clk 01:12:46]} {[%emt 00:03:07]} 14. Bxg6 {[%clk 01:15:47]} {[%emt
00:00:28]} fxg6 {[%clk 01:13:05]} {[%emt 00:00:11]} 15. Qxg6 {[%clk 01:14:55]}
{[%emt 00:01:21]} Rd7 {[%clk 01:12:16]} {[%emt 00:01:21]} 16. Ne5 {[%clk
01:14:51]} {[%emt 00:00:34]} Re7 {[%clk 01:12:12]} {[%emt 00:00:33]} 17. Nf7
{[%clk 01:14:08]} {[%emt 00:01:14]} Qd5 {[%clk 01:11:24]} {[%emt 00:01:17]} 18.
Nxh8 {[%clk 01:11:23]} {[%emt 00:03:16]} Re8 {[%clk 01:09:47]} {[%emt
00:02:06]} 19. Nf7 {[%clk 01:08:40]} {[%emt 00:03:14]} a6 {[%clk 01:09:08]}
{[%emt 00:01:10]} 20. Nxh6 {[%clk 01:07:31]} {[%emt 00:01:38]} Re7 {[%clk
01:07:05]} {[%emt 00:02:33]} 21. Ng4 {[%clk 01:02:31]} {[%emt 00:05:28]} Ne4
{[%clk 00:53:59]} {[%emt 00:13:37]} 22. Rfe1 {[%clk 01:00:02]} {[%emt
00:03:01]} Nd6 {[%clk 00:45:52]} {[%emt 00:08:37]} 23. Re5 {[%clk 00:58:58]}
{[%emt 00:01:33]} Qc4 {[%clk 00:42:32]} {[%emt 00:03:49]} 24. Rae1 {[%clk
00:58:00]} {[%emt 00:01:26]} Kd7 {[%clk 00:40:55]} {[%emt 00:02:09]} 25. d5
{[%clk 00:51:49]} {[%emt 00:06:42]} Qxa2 {[%clk 00:38:24]} {[%emt 00:03:02]}
26. Rxe6 {[%clk 00:50:01]} {[%emt 00:02:16]} Rxe6 {[%clk 00:35:59]} {[%emt
00:02:56]} 27. Qxe6+ {[%clk 00:49:32]} {[%emt 00:00:58]} Kd8 {[%clk 00:35:44]}
{[%emt 00:00:46]} 28. Qe7+ {[%clk 00:49:32]} {[%emt 00:00:24]} Kc8 {[%clk
00:35:55]} {[%emt 00:00:26]} 29. Qf8+ {[%clk 00:49:44]} {[%emt 00:00:14]} Kd7
{[%clk 00:35:07]} {[%emt 00:01:21]} 30. Re7# {[%emt 00:00:12]} 1-0

[Event "DEM U12w 2025"]
[Site "Willingen GER"]
[Date "2025.06.08"]
[Round "2"]
[White "Tiuca, Emma"]
[Black "Hendler, Felicitas"]
[Result "0-1"]
[Termination "normal"]
[Board "14"]
[WhiteElo "1434"]
[BlackElo "1519"]
[WhiteClock "00:50:42"]
[BlackClock "00:02:29"]
[PlyCount "90"]
[WhiteFideId "4007549"]
[BlackFideId "34616519"]
[EventCountry "GER"]
[EventRounds "9"]
[EventType "swiss"]
[EventDate "2025.06.07"]

1. e4 {[%clk 01:30:56]} {[%emt 00:00:03]} c5 {[%clk 01:30:35]} {[%emt
00:00:26]} 2. Nc3 {[%clk 01:31:08]} {[%emt 00:00:18]} g6 {[%clk 01:29:41]}
{[%emt 00:01:24]} 3. g3 {[%clk 01:31:24]} {[%emt 00:00:14]} Bg7 {[%clk
01:27:26]} {[%emt 00:02:46]} 4. Bg2 {[%clk 01:31:24]} {[%emt 00:00:28]} Nc6
{[%clk 01:23:58]} {[%emt 00:03:59]} 5. f4 {[%clk 01:31:15]} {[%emt 00:00:39]}
Rb8 {[%clk 01:18:44]} {[%emt 00:05:45]} 6. Nf3 {[%clk 01:31:14]} b5 {[%clk
01:15:48]} {[%emt 00:03:56]} 7. d3 {[%clk 01:28:39]} d6 {[%clk 01:12:21]}
{[%emt 00:07:02]} 8. O-O {[%clk 01:27:49]} Nf6 {[%clk 01:09:37]} {[%emt
00:04:33]} 9. h3 {[%clk 01:27:44]} O-O {[%clk 01:03:23]} {[%emt 00:07:19]} 10.
g4 {[%clk 01:26:34]} Bd7 {[%clk 00:58:27]} {[%emt 00:07:07]} 11. f5 {[%clk
01:22:12]} b4 {[%clk 00:51:37]} {[%emt 00:12:12]} 12. Ne2 {[%emt 00:04:20]} Qb6
{[%clk 00:47:05]} {[%emt 00:01:37]} 13. Kh1 {[%clk 01:19:51]} a5 {[%clk
00:45:18]} {[%emt 00:04:43]} 14. Ng3 {[%clk 01:19:54]} Qc7 {[%clk 00:42:59]}
{[%emt 00:03:16]} 15. g5 {[%clk 01:17:58]} Ne8 {[%clk 00:40:23]} {[%emt
00:05:31]} 16. Qe1 {[%clk 01:16:29]} a4 {[%clk 00:37:11]} {[%emt 00:05:42]} 17.
h4 {[%clk 01:13:48]} a3 {[%clk 00:35:15]} {[%emt 00:05:37]} 18. Rb1 {[%clk
01:13:51]} Ne5 {[%clk 00:33:51]} {[%emt 00:02:21]} 19. b3 {[%clk 01:11:06]}
Nxf3 20. Bxf3 {[%clk 01:10:18]} Be5 {[%clk 00:27:48]} {[%emt 00:02:52]} 21. Bg2
{[%clk 01:05:03]} {[%emt 00:05:44]} d5 {[%clk 00:25:10]} {[%emt 00:03:09]} 22.
Ne2 {[%clk 01:04:45]} {[%emt 00:00:46]} dxe4 {[%clk 00:22:29]} {[%emt
00:03:12]} 23. dxe4 {[%clk 01:04:39]} {[%emt 00:00:36]} Nd6 {[%clk 00:18:39]}
{[%emt 00:04:21]} 24. Bf4 {[%clk 01:03:30]} {[%emt 00:01:36]} Bxf4 {[%clk
00:16:33]} {[%emt 00:02:39]} 25. Nxf4 {[%clk 01:03:15]} {[%emt 00:00:44]} gxf5
{[%clk 00:15:48]} {[%emt 00:01:15]} 26. Nd5 {[%clk 01:02:49]} {[%emt 00:00:57]}
Qd8 {[%clk 00:15:20]} {[%emt 00:00:59]} 27. e5 {[%clk 00:59:32]} {[%emt
00:03:45]} Ne4 {[%clk 00:11:14]} {[%emt 00:04:37]} 28. Bxe4 {[%clk 00:57:24]}
{[%emt 00:02:37]} fxe4 {[%clk 00:11:14]} {[%emt 00:00:30]} 29. Qg3 {[%clk
00:57:28]} {[%emt 00:00:24]} Bc6 {[%clk 00:09:33]} {[%emt 00:02:14]} 30. Nf6+
{[%clk 00:57:34]} {[%emt 00:00:23]} Kh8 {[%clk 00:08:49]} {[%emt 00:01:15]} 31.
Nh5 {[%clk 00:57:31]} {[%emt 00:00:31]} e3+ {[%clk 00:08:50]} {[%emt 00:00:31]}
32. Kg1 {[%clk 00:57:39]} {[%emt 00:00:18]} Qd4 {[%clk 00:07:14]} {[%emt
00:02:10]} 33. Rbd1 {[%clk 00:57:01]} {[%emt 00:01:07]} Qe4 {[%clk 00:07:18]}
{[%emt 00:00:27]} 34. Kh2 {[%clk 00:55:17]} {[%emt 00:02:08]} e2 {[%clk
00:06:59]} {[%emt 00:00:56]} 35. Rde1 {[%clk 00:55:16]} {[%emt 00:00:26]}
exf1=Q {[%clk 00:06:31]} {[%emt 00:01:03]} 36. Rxf1 {[%clk 00:55:38]} {[%emt
00:00:07]} Qe2+ {[%clk 00:06:45]} {[%emt 00:00:15]} 37. Rf2 {[%clk 00:55:25]}
{[%emt 00:00:43]} Qxh5 {[%clk 00:06:36]} {[%emt 00:00:39]} 38. e6 {[%clk
00:55:26]} {[%emt 00:00:29]} Qg6 {[%clk 00:04:56]} {[%emt 00:02:11]} 39. exf7
{[%clk 00:55:02]} {[%emt 00:00:54]} Rbd8 {[%clk 00:04:27]} {[%emt 00:01:00]}
40. Qe5+ {[%clk 00:54:46]} {[%emt 00:00:39]} Qg7 {[%clk 00:04:35]} {[%emt
00:00:28]} 41. Qxe7 {[%clk 00:54:43]} {[%emt 00:00:31]} Qd4 {[%clk 00:03:20]}
{[%emt 00:01:47]} 42. Kg1 {[%clk 00:52:00]} {[%emt 00:03:11]} Qd1+ {[%clk
00:02:46]} {[%emt 00:01:06]} 43. Rf1 {[%clk 00:51:32]} {[%emt 00:00:57]} Qg4+
{[%clk 00:02:36]} {[%emt 00:00:40]} 44. Kf2 {[%clk 00:50:42]} {[%emt 00:01:21]}
Qf3+ {[%clk 00:02:35]} {[%emt 00:00:31]} 45. Ke1 {[%clk 00:50:42]} {[%emt
00:00:25]} Rd1# {[%clk 00:02:29]} {[%emt 00:00:41]} 0-1